| 000 | 00596cab a2200193 4500 | ||
|---|---|---|---|
| 001 | WB2641-49 | ||
| 008 | 090401t1990 xxu||||| |||| 00| 0 eng d | ||
| 035 | _a(Sirsi) u69964 | ||
| 041 | _aeng | ||
| 245 | _aFailure of the Inverclyde Initiative | ||
| 260 | _c1990 | ||
| 350 | _a0 | ||
| 490 |
_aScotsman _v16/10/90 p11 |
||
| 520 | _aThe Inverclyde Initiative was launched in 1985. Planning problems and arguments between conservationists and developers are among the main problems dogging the scheme. | ||
| 650 | _aGREENOCK | ||
| 690 | _aURBAN RENEWAL | ||
| 942 | _n0 | ||
| 948 | _c04/03/1997 | ||
| 999 |
_c44006 _d44006 |
||